000
00303nam a22001217a 4500
020
_a
9789380235387
082
_a
631.587
_b
PAN/IR
100
_a
Panigrahi, Balram
_9
652
245
_a
Irrigation Systems Engineering
260
_a
New Delhi
_b
New India Publishing Agency
_c
2011
300
_a
325
942
_c
BK
999
_c
13701
_d
13701